000 00904nmm a2200277 a 4500
001 ocm0001083817
003 TR-IsHL
005 20201028151823.0
008 150709s2015 tu tur
007 cr cn
020 _a9786059057301
035 _a1083817
_b(N$T)
050 0 4 _aPL248.H393
_bK55 2015
090 0 4 _aPL248.H393
_bK55 2015
100 1 _aHazar, Aynur
245 1 0 _aKimliksiz gemiden mektuplar
_h[electronic resource] /
_cAynur Hazar ; editör Asyacan Nermin Devrimci
260 _aİstanbul :
_bMola Kitap,
_c2015
300 _a161 p.
650 4 _aDil ve Edebiyat
650 4 _aLanguage and Literature
650 0 _aTürk anıları
650 0 _aTurkish memories
650 7 _aLITERARY COLLECTIONS / Middle Eastern
_2bisacsh
700 1 _aDevrimci, Asyacan Nermin
856 4 0 _uhttp://search.ebscohost.com/login.aspx?direct=true&scope=site&db=e011xww&AN=1083817
999 _c11206
_d11206